Finitely additive measures and relaxations of extremal problems /
Guardado en:
| Autor Principal: | |
|---|---|
| Formato: | Libro |
| Idioma: | English Russian |
| Publicado: |
New York :
Consultants Bureau,
c1996.
|
| Series: | Monographs in contemporary mathematics
|
| Etiquetas: |
Agregar Etiqueta
Sin Etiquetas, Sea el primero en etiquetar este registro!
|
| LEADER | 00804nam a22002055a 4500 | ||
|---|---|---|---|
| 001 | MAT.inmabb000031 | ||
| 008 | 960807s1996####nyu######b####001#0#eng#d | ||
| 005 | 20130402163144.0 | ||
| 245 | 1 | 0 | |a Finitely additive measures and relaxations of extremal problems / |c A.G. Chentsov ; translated from Russian by A.V. Lutsuk. |
| 260 | |a New York : |b Consultants Bureau, |c c1996. | ||
| 300 | |a xi, 244 p. ; |c 26 cm. | ||
| 440 | 0 | |a Monographs in contemporary mathematics | |
| 504 | |a Incluye referencias bibliográficas (p. 235-241) e índice. | ||
| 510 | 4 | |a MR, |c 98a:49003 | |
| 020 | |a 0306110385 | ||
| 100 | 1 | |a Chentsov, A. G. | |
| 240 | 1 | 0 | |a Konechno-additivnye mery i relaksatsii ekstremalþnykh zadach. |l Inglés |
| 084 | |a 49-02 (49J45 49Q20 93-02) |2 msc2000 | ||
| 041 | 1 | |a eng |h rus | |
| 859 | |h 49 |i C518 |p A-7727 |b BIB. MATEMATICA | ||
